00000000nam 2200000zi 4500
0019.945492
003CaOODSP
00520241125093913
006m     o  d f      
007cr cn|||||||||
008241125e202403##oncd    o    f000 0 fre d
040 |aCaOODSP|bfre|erda|cCaOODSP
043 |an-cn---
0861 |aXC65-1/1-441-8F-PDF
1101 |aCanada. |bParlement. |bChambre des communes. |bComité de liaison, |eauteur, |eorganisme de publication.
24510|aDépenses et activités des comités du 1er avril 2023 au 31 décembre 2023 / |cla présidente l'hon. Judy A. Sgro.
264 1|a[Ottawa] : |bChambre des communes, Canada = House of Commons, Canada, |cmars 2024.
300 |a1 ressource en ligne (viii, 119 pages) : |bgraphiques.
336 |atexte|btxt|2rdacontent/fre
337 |ainformatique|bc|2rdamedia/fre
338 |aressource en ligne|bcr|2rdacarrier/fre
4901 |aRapport du Comité de liaison ; |v8e rapport, 1re session, 44e législature
500 |aPublié aussi en anglais sous le titre : Committee activities and expenditures, April 1, 2023 - December 31, 2023.
520 |a« Ce rapport couvre la période du 1er avril au 31 décembre 2023. Au cours de cette période, les comités ont tenu un total de 926 réunions de comités, entendu 3 592 témoins, reçu 3 637 mémoires et présenté 149 rapports à la Chambre » -- Page 2.
61016|aCanada. |bParlement. |bChambre des communes|xCommissions.
61016|aCanada. |bParlement. |bChambre des communes|xCrédits budgétaires et dépenses.
7001 |aSgro, Judy, |d1944-
77508|tCommittee activities and expenditures, April 1, 2023 - December 31, 2023 / |w(CaOODSP)9.945490
830#0|aRapport du Comité de Liaison ;|v8e rapport, 1re session, 44e législature.|w(CaOODSP)9.504079
85640|qPDF|s3.24 Mo|uhttps://publications.gc.ca/collections/collection_2024/parl/xc65-1/XC65-1-1-441-8-fra.pdf
8564 |qHTML|sS.O.|uhttps://www.noscommunes.ca/documentviewer/fr/44-1/LIAI/rapport-8